Normal view MARC view
  • Zapata, Emiliano,

Entry Nombre Personal

Number of records used in: 1

001 - NUMERO DE CONTROL

  • campo de control: 47806

003 - IDENTIFICADOR DE NUMERO DE CONTROL

  • campo de control: UPN

005 - FECHA Y HORA DE LA ÜLTIMA TRANSACCIÓN

  • campo de control: 20230213125031.0

008 - DATOS DE LONGITUD FIJA

  • campo de control de longitud fija: 230213|| aca||aabn | a|a d

040 ## - FUENTE DE CATALOGACIÓN

  • Agencia original de catalogación: Mx-MxUPN
  • Lenguaje de catalogación: spa
  • Agencia de transcripción: MX-MxUPN

100 1# - ENCABEZAMIENTO - NOMBRE PERSONAL

  • Nombre personal: Zapata, Emiliano,
  • Fechas asociadas con el nombre: 1879-1919
  • Subdivisión de forma: Retratos

670 ## - FUENTE EN LA QUE SE LOCALIZARON DATOS

  • Cita de la fuente: Biblioteca GTQ, catálogo de autoridades, 13 febrero 2023:
  • Información localizada: encabezamiento (Zapata, Emiliano, 1879-1919)

902 ## - CATALOGADOR

  • Catalogador: NDAF/130223